| 000 | 00526nam a22001577a 4500 | ||
|---|---|---|---|
| 999 |
_c527697 _d527697 |
||
| 020 | _qHard Cover. | ||
| 082 | _a658 | ||
| 100 | _aZainab, Maria Osman Yousaf | ||
| 245 |
_aInventory management practices in small and medium enterprises (SMEs) in Pakistan / _cMaria Zainab Osman Yusuf. |
||
| 260 |
_aIslamabad: _bNBS - NUST, _c2014. |
||
| 300 |
_aiv, 37 p. : ill. ; _c30cm. |
||
| 942 |
_2ddc _cTHE |
||
| 650 |
_aMBA Thesis. _917629 |
||
| 700 |
_aMr. Kamran Khalid. _917555 |
||